Discrete-event system simulation / (Record no. 9642)

MARC details
000 -LEADER
fixed length control field 00630cam a22002172 4500
001 - CONTROL NUMBER
control field 0000021327
005 - DATE AND TIME OF LATEST TRANSACTION
control field 20151217152229.0
008 - FIXED-LENGTH DATA ELEMENTS--GENERAL INFORMATION
fixed length control field 120314s xx 000 0 eng d
020 ## - INTERNATIONAL STANDARD BOOK NUMBER
International Standard Book Number 8177585919 :
040 ## - CATALOGING SOURCE
Original cataloging agency KABU
Transcribing agency KABU
050 #0 - LIBRARY OF CONGRESS CALL NUMBER
Classification number T57.62
Item number .D57 2007
245 10 - TITLE STATEMENT
Title Discrete-event system simulation /
Statement of responsibility, etc. Jerry Banks ... [et al.]
250 ## - EDITION STATEMENT
Edition statement 4th ed.
260 ## - PUBLICATION, DISTRIBUTION, ETC. (IMPRINT)
Place of publication, distribution, etc. New Delhi :
Name of publisher, distributor, etc. Prentice-Hall,
Date of publication, distribution, etc. 2007.
300 ## - PHYSICAL DESCRIPTION
Extent xvi, 528 p.
650 #0 - SUBJECT ADDED ENTRY--TOPICAL TERM
Topical term or geographic name as entry element Simulation methods.
-- 0000156030
700 1# - ADDED ENTRY--PERSONAL NAME
Personal name Banks, Jerry.
-- 0000156031
852 1# - LOCATION
-- 5990 KES
908 ## - PUT COMMAND PARAMETER (RLIN)
Put command parameter 120314
950 ## - LOCAL HOLDINGS (RLIN)
-- 1
Holdings
Withdrawn status Lost status Source of classification or shelving scheme Not for loan Home library Current library Date acquired Total Checkouts Full call number Barcode Date last seen Price effective from Koha item type
    Library of Congress Classification   Kabarak, Main Campus Kabarak, Main Campus 17/12/2015   T57.62 .D57 2007 c. 1 20717 17/12/2015 17/12/2015 General Collection
Designed with assistance from East African Informatics Ltd